000 01084nam a22002537a 4500
005 20170124102926.0
010 _aB-032172
020 _c145.00
_a8123008201
035 _aB-032172
037 _bCen Lib/Ret
040 _aDPL
_bHN
082 _a080
_bचरण
100 _aचरण सिंह
_92233
245 _aचरण सिंह :
_cचरण सिंह
_bचुने हुए भाषण /
246 _aCharan Singh : chune hue bhashan /
_bby Charan Singh
260 _aनई दिल्ली
_bप्रकाशन विभाग, सूची और प्रसारण मंत्रालय
_c2000
270 _aपटियाला हाउस
_bनई दिल्ली
_e110001
300 _aix,60पृ. :
_c22सेमी(सजिल्द)
_bसचित्र
650 _aचरण सिंह -- सन्देश
_9240
650 _aराष्ट्रीय विकास
_9232
650 _aCharan Singh -- Sandesh
_943751
650 _aRashtriya vikas
_943752
942 _2ddc
_cHN
_h080
_mचरण
999 _c111614
_d111614